Mao zedong / (Record no. 3498)

MARC details
000 -LEADER
fixed length control field 00813nam a22002417a 4500
001 - CONTROL NUMBER
control field 3498
003 - CONTROL NUMBER IDENTIFIER
control field FISKH
005 - DATE AND TIME OF LATEST TRANSACTION
control field 20240313135508.0
008 - FIXED-LENGTH DATA ELEMENTS--GENERAL INFORMATION
fixed length control field 240313b cb ||||| |||| 00| 0 eng d
040 ## - CATALOGING SOURCE
Original cataloging agency FISK
Language of cataloging eng
Transcribing agency FISK
Modifying agency FISK
050 ## - LIBRARY OF CONGRESS CALL NUMBER
Classification number DS778.M3
082 ## - DEWEY DECIMAL CLASSIFICATION NUMBER
Classification number 951.05
100 ## - MAIN ENTRY--PERSONAL NAME
Personal name Burton Heuston Kimberley
Dates associated with a name 1960-
245 ## - TITLE STATEMENT
Title Mao zedong /
Statement of responsibility, etc. Kimberley Burton Heuston
260 ## - PUBLICATION, DISTRIBUTION, ETC.
Place of publication, distribution, etc. Canada :
Name of publisher, distributor, etc. Franklin Watts,
Date of publication, distribution, etc. 2010
300 ## - PHYSICAL DESCRIPTION
Extent 128 pages :
Other physical details illustrations,
Dimensions 18 cm
505 ## - FORMATTED CONTENTS NOTE
Formatted contents note U
520 ## - SUMMARY, ETC.
Summary, etc. Examines the life and misdeeds of Chinese leader Mao Zedong, charging that his efforts to turn China into an industrial powerhouse cost millions of lives and led to a devastating famine.
521 8# - TARGET AUDIENCE NOTE
Target audience note 980
Source Lexile,
700 ## - ADDED ENTRY--PERSONAL NAME
Personal name Kimberley Burton Heuston
942 ## - ADDED ENTRY ELEMENTS (KOHA)
Source of classification or shelving scheme Dewey Decimal Classification
Koha item type Books
Suppress in OPAC No
Holdings
Withdrawn status Lost status Source of classification or shelving scheme Damaged status Not for loan Collection Home library Current library Shelving location Date acquired Total Checkouts Full call number Barcode Date last seen Copy number Price effective from Koha item type
    Dewey Decimal Classification     Non-Fiction Footprints International School Library Network Toul Kork Campus Footprints International School Library Network Toul Kork Campus   03/13/2024   HEU DS778.M3 951.05 2024-0316 03/13/2024 1 03/13/2024 Books